Don't get barred from business (Record no. 82658)

MARC details
000 -LEADER
fixed length control field 00891cab a22002055a 4500
001 - CONTROL NUMBER
control field L150863
008 - FIXED-LENGTH DATA ELEMENTS--GENERAL INFORMATION
fixed length control field 100908e20100731xxk 000 0 eng d
035 ## - SYSTEM CONTROL NUMBER
System control number (Sirsi) u150863
041 0# - LANGUAGE CODE
Language code of text/sound track or separate title eng
100 1# - MAIN ENTRY--PERSONAL NAME
Personal name Drummond-Brassington, Danielle
245 00 - TITLE STATEMENT
Title Don't get barred from business
260 ## - PUBLICATION, DISTRIBUTION, ETC.
Date of publication, distribution, etc. 2010
490 ## - SERIES STATEMENT
Series statement Estates Gazette
Volume/sequential designation (1030) 31 July 2010, 60(1)
520 ## - SUMMARY, ETC.
Summary, etc. Bribery Act 2010 will come into force in April 2011. The offences will cover public and private sector bribery and will include a person offering to receive or accept an advantage in circumstances involving the improper performance of a relevant function or activity. Penalties are up to 10 years imprisonment or an unlimited fine for individuals.
590 ## - LOCAL NOTE (RLIN)
Local note KA
650 24 - SUBJECT ADDED ENTRY--TOPICAL TERM
Topical term or geographic name entry element BRIBERY ACT 2010
651 #4 - SUBJECT ADDED ENTRY--GEOGRAPHIC NAME
Geographic name United Kingdom
Chronological subdivision
690 ## - LOCAL SUBJECT ADDED ENTRY--TOPICAL TERM (OCLC, RLIN)
Topical term or geographic name as entry element MANAGEMENT-BUSINESS MANAGEMENT-PROFESSIONAL PRACTICE
942 ## - ADDED ENTRY ELEMENTS (KOHA)
Suppress in OPAC 0
Holdings
Withdrawn status Lost status Source of classification or shelving scheme Damaged status Not for loan Home library Current library Shelving location Date acquired Total Checkouts Full call number Barcode Date last seen Copy number Price effective from Koha item type
    Dewey Decimal Classification     London London Journal article 08/09/2010   L150863 150863-1001 06/08/2019 1 06/08/2019 Journal article